Quali sono le 11 bevande più bevute al mondo? - Statistics

Statistiche generali
  • Questo quiz è stato fatto 136 volte
  • Il punteggio medio è 6 su 11
Statistiche sulle risposte
Hint Risposta % Corretto
6 coca cola
99%
1 acqua
98%
4 birra
83%
7 vino
83%
2
80%
3 caffè
60%
9 vodka
41%
5 latte
39%
11 sidro
7%
8 succo d'arancia
7%
10 energy drink
5%
Nessun quiz corrispondente trovato
Distribuzione punteggi
Percentuale di utenti per punteggio
Percentile per numero di risposta
I tuoi punteggi nel tempo
Non hai fatto questo quiz